Responses for show #6204 - Thursday, July 28, 2011

Justin Sausville game 1.

Contestants

Cathy Markwiese, a librarian from Milwaukee, Wisconsin

Justin Sausville, a urologist from Baltimore, Maryland

Ryan Fox, a graduate student in mathematics education from Athens, Georgia (whose 1-day cash winnings total $18,800)

Jeopardy! Round responses

TOOLS OF THE WRITER'S TRADE
QUARTERBACK U.
THE "N" CROWD
RIVERS
FLAMING FOODS
ANIMALS IN ITALIAN
    $200 21
an index card

Ryan
    $200 1
University of Tennessee

Ryan
    $200 11
Naismith

Ryan
    $200 6
the Mississippi

Ryan
    $200 26
cherries jubilee

Justin
    $200 16
the bee

Ryan
    $400 22
a typewriter

Ryan
    $400 2
(Justin: What is the University of Alabama?)

University of Texas

RyanJustin
    $400 12
(Ollie) North

Ryan
    $400 7
the Amazon

Justin
    $400 27
Crêpe Suzette

Cathy
    $400 17
a donkey

Justin
    $600 23
(Cathy: What is a fountain pen?)

a quill pen

JustinCathy
    $600 3
(Ryan: What is Alcorn State?)

BYU (Brigham Young)

RyanCathy
    $600 13
Nijinsky

Justin
    $600 8
the Rhine

Justin
    $600 28
(Ryan: What is sopapilla?)

fajitas

Ryan
Triple Stumper
    $600 18
a spider

Cathy
    $800 24
a dictaphone

Justin
    $800 4
Purdue

Ryan
    $1,500 14
(Pablo) Neruda

Justin
    $800 9
the Thames

Justin
    $800 29
Baked Alaska

Justin
    $800 19
a dog

Justin
    $1000 25
a pencil

Justin
    $1000 5
University of Miami

Ryan
    $1000 15
Nasser

Justin
    $1000 10
the Colorado

Justin
    $1000 30
Bananas Foster

Justin
    $1000 20
a goat

Justin

Scores at the first commercial break (after clue 15):

Ryan Justin Cathy
$2,600 $5,500 $600

Scores at the end of the Jeopardy! Round:

Ryan Justin Cathy
$2,800 $12,100 $1,000

Double Jeopardy! Round responses

THE OLD WEST
BOOKS & MOVIES
(Alex: You're gonna be dealing with two elements in each clue. I'll give you an example. If we said "Tender is the ____ of the Living Dead", you'd say, "What is Night?" because it completes one and works with the other also.)
JULIUS CAESAR SALAD
BONING UP
"BIG" STUFF
THE SANDERS OF TIME
    $400 26
Stetson

Justin
    $400 1
Glory

Ryan
    $400 7
a bust

Justin
    $400 21
osteoporosis

Ryan
    $400 2
the Big Apple

Ryan
    $400 12
Col. Sanders

Ryan
    $800 27
the roundup

Cathy
    $800 17
Turner

Justin
    $800 8
July

Justin
    $800 22
the marrow

Justin
    $800 3
the big top

Ryan
    $800 13
The Larry Sanders Show

Ryan
    $1200 28
Virginia City

Triple Stumper
    $1200 18
Bird

Justin
    $1200 9
Julio Cesar Chavez

Justin
    $1200 23
the sternum

Ryan
    $1200 4
(Ryan: What is the big finger?)

the big toe

RyanJustin
    $1200 14
Barry Sanders

Ryan
    $1600 29
the Chisholm Trail

Ryan
    $1600 19
Fair

Ryan
    $2,300 10
"Beware the ides of March"

Justin
    $4,200 24
(Ryan: What is the humerus?)
...
(Alex: Mm. No. What is [*]? The thigh bone--longest bone in your body.)

the femur

Ryan
    $1600 5
the Big Dipper

Ryan
    $1600 15
Summer Sanders

Ryan
    $2000 30
(Ryan: Who is Hickok?)

Bat Masterson

Ryan
Triple Stumper
    $2000 20
Black

Justin
    $2000 11
a laurel wreath

Ryan
    $2000 25
a greenstick

Justin
    $2000 6
the Big Dig

Justin
    $2000 16
Bernie Sanders

Ryan

Scores at the end of the Double Jeopardy! Round:

Ryan Justin Cathy
$11,400 $27,200 $1,800
(lock game)

[wagering suggestions for these scores]

Final Jeopardy! Round responses

WORLD HISTORY
(Alex: [After revealing Cathy's response] The [*] belonged to Hannibal, and it was his favorite, as a matter of fact, and it lasted the longest.)
CathyWhat was an elephant?
$1,798
RyanWhat is an elephant?
$7,400
JustinWhat was an elephant?
$2,800
an elephant

Final scores:

Ryan Justin Cathy
$18,800 $30,000 $3,598
2nd place: $2,000 New champion: $30,000 3rd place: $1,000

Game dynamics:

Coryat scores:

Ryan Justin Cathy
$15,600 $25,800 $1,800
24 R,
5 W
(including 1 DD)
28 R
(including 2 DDs),
1 W
4 R,
1 W

Combined Coryat: $43,200

The J! Archive is created by fans, for fans. The Jeopardy! game show and all elements thereof, including but not limited to copyright and trademark thereto, are the property of Jeopardy Productions, Inc. and are protected under law. This website is not affiliated with, sponsored by, or operated by Jeopardy Productions, Inc. Join the discussion at JBoard.tv.